000 00549nam a2200181 i 4500
001 86955
003 ES-MaACL
005 20230906175547.0
007 t|
008 041217s1964 sp ||||1| spa d
100 1 _aKoninck, J. de.
_968555
245 1 0 _aManual del técnico matricero /
_cJ. de Koninck ; [versión española por Juan J. Maluquer].
250 _a1ª ed.
260 _aBarcelona :
_bJosé Montesó,
_c1964.
300 _a172 p. :
_bil. ;
_c30 cm.
700 1 _aMaluquer Wahl, Juan J.
_975884
852 _aES-MaACL
_jC-26830
_bR.55848
999 _c86955
_d86955